-
SINGH, REENA 2- KUMAR, JITENDRA 3. CHAUDHARY, TARUN. 4 CHAUDHAREE, NISHA
Entry Personal Name
Number of records used in: 1
001 - CONTROL NUMBER
003 - CONTROL NUMBER IDENTIFIER
005 - DATE AND TIME OF LATEST TRANSACTION
- control field:
20251125123155.0
008 - FIXED-LENGTH DATA ELEMENTS
- fixed length control field:
251125|| aca||aabn | a|a d
040 ## - CATALOGING SOURCE
- Original cataloging agency:
JRU
- Transcribing agency:
JRU
100 ## - HEADING--PERSONAL NAME
- Personal name:
SINGH, REENA 2- KUMAR, JITENDRA 3. CHAUDHARY, TARUN. 4 CHAUDHAREE, NISHA
670 ## - SOURCE DATA FOUND
- Source citation:
Work cat.: (JRU)9006: SINGH, REENA 2- KUMAR, JITENDRA 3. CHAUDHARY, TARUN. 4 CHAUDHAREE, NISHA, TEXT BOOK OF INSTRUMENTAL METHODS OF ANALYSIS: for b. pharm [ 7th semester], 2025